[Event "TCh-FRA Top 16 Gp A"]
[Site "Montpellier FRA"]
[Date "2006.04.01"]
[Round "6"]
[White "Tregubov,P"]
[Black "Georgiev,Ki"]
[Result "0-1"]
[WhiteElo "2556"]
[BlackElo "2645"]

1.d4 Nf6 2.Nf3 e6 3.c4 Bb4+ 4.Bd2 c5 5.Bxb4 cxb4 6.e3 b6 7.Be2 Bb7 8.O-O O-O
9.Ne1 d6 10.Nd3 a5 11.a3 bxa3 12.Nxa3 Na6 13.Nb5 Re8 14.Bf3 Bxf3 15.Qxf3 e5
16.dxe5 dxe5 17.e4 Rc8 18.Rfd1 Qe7 19.b4 Rxc4 20.bxa5 bxa5 21.Rxa5 Nb8 22.Ra7 Nbd7
23.Nc7 Rd8 24.Nd5 Nxd5 25.exd5 Qd6 26.Nb2 Rc2 27.Qb3 Rdc8 28.Ra8 Qf8 29.Rxc8 Qxc8
30.Nd3 Qc4 31.Qb1 f6 32.h3 Rc3 33.Nb4 Qb3 34.Nc6 Kf7 35.Qxb3 Rxb3 36.Kf1 Rb2
37.f4 exf4 38.Re1 Nc5 39.Nd8+ Kg6 40.Ne6 Nxe6 41.Rxe6 Rb7 42.Kf2 Rd7 43.Kf3 Kf5
44.Re4 g5 45.Rd4 Rd6 46.Rd1 h5 47.Rd2 Ke5 48.Re2+ Kxd5 49.Re8 Re6 50.Rd8+ Ke5
51.Rh8 h4 52.Ra8 Kf5 53.Kf2 Re3 54.Ra5+ Kg6 55.Ra8 Rb3 56.Rc8 Kf5 57.Rc5+ Ke4
58.Rc4+ Kd5 59.Ra4 Rg3 60.Ra5+ Ke4 61.Ra4+ Kf5 62.Ra5+ Kg6 63.Ra8 Re3 64.Rb8 Re6
65.Ra8 Re7 66.Rb8 f5 67.Rb6+ Kg7 68.Rb4 Re6 69.Ra4 Rc6 70.Kf3 Rd6 71.Ra3 Kf6
72.Rb3 Ke5 73.Rb5+ Rd5 74.Rb3 Rc5 75.Ra3 Kd4 76.Ra4+ Rc4 77.Ra8 Rc3+ 78.Kf2 g4
79.Rd8+ Ke5 80.Re8+ Kd5 81.Rd8+ Ke6 82.hxg4 fxg4 83.Re8+ Kf7 84.Re4 g3+ 85.Kf1 Rc1+
86.Ke2 h3 87.Rxf4+ Ke6  0-1

[Event "FSIM April"]
[Site "Budapest HUN"]
[Date "2006.04.04"]
[Round "4"]
[White "Mamut,I"]
[Black "Arjun,V"]
[Result "1/2-1/2"]
[WhiteElo "2287"]
[BlackElo "2205"]

1.d4 Nf6 2.c4 e6 3.Nf3 Bb4+ 4.Bd2 Qe7 5.g3 O-O 6.Bg2 Nc6 7.O-O Bxd2 8.Nbxd2 d6
9.Qc2 e5 10.d5 Nb8 11.e4 a5 12.b3 Bg4 13.a3 Bxf3 14.Bxf3 Na6 15.Qc3 Nc5 16.b4 axb4
17.axb4 Ncd7 18.Nb3 c6 19.Rfc1 cxd5 20.cxd5 Rfb8 21.Rxa8 Rxa8 22.Na5 Rb8
23.Qe3 Qf8 24.Rc7 Qd8 25.Rc3 Ne8 26.Bg4 Nb6 27.h4 g6 28.Bh3 h5 29.Kg2 Kg7
30.Rc2 Nf6 31.f3 Kh7 32.Qc3 Ne8 33.Qd3 Na8 34.Qb5 Nec7 35.Qd7 Qxd7 36.Bxd7 Na6
37.Rc8 Rxc8 38.Bxc8 Nb6 39.Bxb7 Nxb4 40.Bc6 Kg7 41.Nb7 Nxc6 42.dxc6 Nc8 43.Kf2 Kf6
44.Ke3 Na7  1/2-1/2

[Event "43rd ch-IND"]
[Site "Visakhapatnam IND"]
[Date "2006.04.05"]
[Round "4"]
[White "Sriram,J"]
[Black "Ramesh,R"]
[Result "1/2-1/2"]
[WhiteElo "2444"]
[BlackElo "2491"]

1.d4 Nf6 2.c4 e6 3.Nf3 Bb4+ 4.Bd2 c5 5.Bxb4 cxb4 6.g3 O-O 7.Bg2 d6 8.O-O a5
9.Qd3 Nc6 10.Nbd2 Re8 11.d5 exd5 12.cxd5 Ne5 13.Nxe5 Rxe5 14.e4 Bd7 15.Qd4 Re8
16.Rfe1 Ng4 17.f4 f6 18.Rac1 Bb5 19.Bh3 h5 20.Bg2 Re7 21.Bf3 Qe8 22.Kg2 Nh6
23.Qb6 Ra6 24.Qf2 Ng4 25.Qd4 Ra8 26.Qb6 Ra6 27.Qd4 Ra8 28.Qb6 Ra6 29.Qd4 Ra8  1/2-1/2

[Event "FSIM April"]
[Site "Budapest HUN"]
[Date "2006.04.06"]
[Round "6"]
[White "Mamut,I"]
[Black "Fodor,T jr"]
[Result "1/2-1/2"]
[WhiteElo "2287"]
[BlackElo "2302"]

1.d4 Nf6 2.c4 e6 3.Nf3 Bb4+ 4.Bd2 Qe7 5.g3 Nc6 6.Bg2 Bxd2+ 7.Nbxd2 O-O 8.O-O a5
9.Qc2 d6 10.Qc3 e5 11.d5 Nb8 12.e4 Nbd7 13.b3 Nc5 14.Ne1 Nh5 15.Nd3 Nxd3
16.Qxd3 f5 17.exf5 Bxf5 18.Qe3 b6 19.f4 Nf6 20.h3 Rae8 21.fxe5 Qxe5 22.Qxe5 Rxe5
23.Nf3 Re3 24.Nd4 Bd7 25.g4 h5 26.g5 Ne4 27.Rxf8+ Kxf8 28.h4 Nc3 29.Rf1+ Ke7
30.g6 Ke8 31.Rf7 Re7 32.Ne6 Bxe6 33.dxe6 Rxf7 34.exf7+ Ke7 35.Bf3 Nxa2 36.Bxh5 Nc1
37.Bd1 Nd3 38.h5 c6 39.Kg2 b5 40.cxb5 cxb5 41.Kg3 Ne5 42.Kf4 a4 43.bxa4 bxa4
44.Bxa4 Nxg6+ 45.hxg6 d5 46.Ke5 d4 47.Kxd4 Kf8 48.Ke5 Ke7 49.Bb3 Kf8 50.Ba4 Ke7
51.Kd4 Kf8 52.Kc5 Ke7 53.Kc6 Kf8  1/2-1/2

[Event "ch-CUB KO 5th-8th"]
[Site "Santa Clara CUB"]
[Date "2006.04.07"]
[Round "2.1"]
[White "Vera,R"]
[Black "Nogueiras,J"]
[Result "1/2-1/2"]
[WhiteElo "2516"]
[BlackElo "2556"]

1.d4 Nf6 2.c4 e6 3.Nf3 Bb4+ 4.Bd2 Bxd2+ 5.Qxd2 O-O 6.Nc3 d5 7.e3 c6 8.a3 Nbd7
9.Bd3 dxc4 10.Bxc4 Qe7  1/2-1/2

[Event "43rd ch-IND"]
[Site "Visakhapatnam IND"]
[Date "2006.04.08"]
[Round "9"]
[White "Sriram,J"]
[Black "Venkatesh,M"]
[Result "1/2-1/2"]
[WhiteElo "2444"]
[BlackElo "2438"]

1.d4 Nf6 2.c4 e6 3.Nf3 Bb4+ 4.Bd2 a5 5.g3 b6 6.Bg2 Bb7 7.O-O O-O 8.Nc3 d6
9.Qc2 Bxc3 10.Bxc3 Be4 11.Qd2  1/2-1/2

[Event "ch-BLR u20"]
[Site "Minsk BLR"]
[Date "2006.04.09"]
[Round "3"]
[White "Smolich,P"]
[Black "Gorovets,A"]
[Result "0-1"]
[WhiteElo "2142"]
[BlackElo "2352"]

1.d4 Nf6 2.c4 e6 3.Nf3 Bb4+ 4.Bd2 a5 5.e3 d5 6.Nc3 b6 7.cxd5 exd5 8.Bd3 Bg4
9.O-O O-O 10.Rc1 c6 11.h3 Bh5 12.a3 Bd6 13.e4 dxe4 14.Nxe4 Bg6 15.Nxf6+ Qxf6
16.Bg5 Qe6 17.Re1 Qd7 18.Bxg6 hxg6 19.Qb3 a4 20.Qc4 b5 21.Qc3 f6 22.Bh4 Rc8
23.Qd3 Qf5 24.Rc3 Qxd3 25.Rxd3 Nd7 26.Re6 Bf8 27.Rc3 c5 28.Bg3 c4 29.Nd2 Re8
30.Rce3 Rxe6 31.Rxe6 c3 32.bxc3 Bxa3 33.Bd6 Bc1 34.Re2 a3 35.Nb3 Bb2 36.Bb4 Nb6
37.Kf1 Nd5 38.Rc2 Ra4 39.Nc1 Nxb4 40.cxb4 Bxc1 41.Rxc1 Rxb4  0-1

[Event "FSIM April"]
[Site "Budapest HUN"]
[Date "2006.04.11"]
[Round "11"]
[White "Nguyen Huynh Minh H"]
[Black "Arjun,V"]
[Result "1/2-1/2"]
[WhiteElo "2294"]
[BlackElo "2221"]

1.d4 Nf6 2.c4 e6 3.Nf3 Bb4+ 4.Bd2 Qe7 5.g3 O-O 6.Bg2 Bxd2+ 7.Nbxd2 d6 8.O-O e5
9.e4 Nc6 10.d5 Nb8 11.Ne1 a5 12.Nd3 Bg4 13.Qc2 Be2 14.Rfe1 Bxd3 15.Qxd3 Na6
16.b3 c6 17.Rac1 Nd7 18.Nb1 a4 19.Qc3 axb3 20.axb3 c5 21.Na3  1/2-1/2

[Event "Open NOR-ch"]
[Site "Oslo NOR"]
[Date "2006.04.14"]
[Round "7"]
[White "Brynell,S"]
[Black "Paschall,W"]
[Result "1/2-1/2"]
[WhiteElo "2488"]
[BlackElo "2352"]

1.d4 Nf6 2.Nf3 e6 3.c4 Bb4+ 4.Bd2 a5 5.g3 b6 6.Bg2 Ba6 7.Qc2 c5 8.O-O cxd4
9.Bxb4 axb4 10.Nxd4 Ra7 11.Qb3 Qc7 12.Nc2 Qc5 13.Nd2 Rc7 14.Qxb4 Bxc4 15.Nxc4 Qxb4
16.Nxb4 Rxc4 17.Rfc1 Rxc1+ 18.Rxc1 Kd8 19.f4 Re8 20.Bb7 d5 21.Nd3 Ne4 22.Rc8+ Ke7
23.Rc7+ Kf8 24.Bc6 Nxc6 25.Rxc6 Rb8 26.Ne5 Rb7 27.Rxb6 Rc7 28.Rc6 Rb7 29.b3 f6
30.Nd3 Ra7 31.a4 Ke7 32.Nc5 Nxc5 33.Rxc5 Rb7 34.Rc3 Kd6 35.Kf2 e5 36.e3 d4
37.fxe5+ fxe5 38.exd4 exd4 39.Rf3 Ke5 40.Ke2 Ke4 41.Rf4+ Ke5 42.Rf3 Ke4 43.Rf4+  1/2-1/2

[Event "Spring NAm IMC"]
[Site "Schaumburg USA"]
[Date "2006.04.18"]
[Round "1"]
[White "Tsyganov,I"]
[Black "Karagianis,P"]
[Result "1-0"]
[WhiteElo "2281"]
[BlackElo "2226"]

1.d4 Nf6 2.Nf3 e6 3.c4 Bb4+ 4.Bd2 Qe7 5.g3 Nc6 6.Bg2 Bxd2+ 7.Nbxd2 d6 8.O-O e5
9.d5 Nb8 10.e4 a5 11.Ne1 O-O 12.b3 Na6 13.a3 Nd7 14.b4 Nb6 15.Nd3 f5 16.Re1 fxe4
17.Bxe4 Bf5 18.Rc1 Qg5 19.Qe2 Bg4 20.f3 Bh5 21.Qe3 Qf6 22.b5 Nb8 23.c5 N6d7
24.b6 Nxc5 25.Nxc5 dxc5 26.bxc7 Na6 27.g4 Bf7 28.d6 Qxd6 29.Bxb7 Qxc7 30.Bxa8 Rxa8
31.Qxe5 Qd7 32.Ne4 Re8 33.Qd6 Qa7 34.Red1 Bb3 35.Re1 Bf7 36.Kg2 h6 37.Qc6 Re6
38.Qc8+ Re8 39.Nf6+ gxf6 40.Rxe8+ Kg7 41.Rce1 Qb6 42.R8e7  1-0

[Event "XIII TCh-RUS 1st League"]
[Site "Sochi RUS"]
[Date "2006.04.20"]
[Round "1"]
[White "Shkurikhin,I"]
[Black "Rogovski,V"]
[Result "0-1"]
[WhiteElo "2279"]
[BlackElo "2476"]

1.d4 Nf6 2.Nf3 e6 3.c4 Bb4+ 4.Bd2 c5 5.e3 O-O 6.Bxb4 cxb4 7.Bd3 d6 8.O-O Nc6
9.e4 e5 10.d5 Ne7 11.c5 Ng6 12.cxd6 Ne8 13.Re1 Nxd6 14.Qb3 a5 15.Nbd2 b5
16.Rac1 Bd7 17.Rc2 Qb6 18.Rec1 Rad8 19.Nf1 Rfe8 20.Ng3 f6 21.Bf1 Ne7 22.Nd2 Kh8
23.h3 f5 24.exf5 Bxf5 25.Bd3 a4  0-1

[Event "XXIV Open"]
[Site "Metz FRA"]
[Date "2006.04.26"]
[Round "5"]
[White "Epishin,V"]
[Black "Wirig,A"]
[Result "1-0"]
[WhiteElo "2565"]
[BlackElo "2409"]

1.d4 Nf6 2.c4 e6 3.Nf3 Bb4+ 4.Bd2 c5 5.Bxb4 cxb4 6.Qd3 O-O 7.Nbd2 d6 8.e4 Nfd7
9.Be2 Nc6 10.O-O e5 11.Rfd1 Re8 12.Nf1 Qf6 13.Qe3 b6 14.Rd2 Bb7 15.dxe5 Ndxe5
16.Ng3 Nxf3+ 17.Qxf3 Qe5 18.Rad1 g6 19.h4 Re6 20.h5 Na5 21.Qd3 Rae8 22.Bg4 Rf6
23.b3 Bc6 24.Qd4 Kg7 25.Qxe5 dxe5 26.f3 Nb7 27.Nf1 Nc5 28.Ne3 Kh6 29.Rd8 Rxd8
30.Rxd8 Kg5 31.h6 Nb7 32.Ra8 Rd6 33.Rxa7 Kxh6 34.Bc8 Nd8 35.Nd5 Bxd5 36.exd5 Kg5
37.Ra4 f5 38.Rxb4 h5 39.Kf2 h4 40.a4 Kf6 41.Rb5 Nf7 42.b4 e4 43.a5 bxa5 44.bxa5 Rd8
45.Rb8 Nd6 46.a6 Nxc4 47.a7 e3+ 48.Ke1  1-0

[Event "XXIV Open"]
[Site "Metz FRA"]
[Date "2006.04.26"]
[Round "5"]
[White "Vaillant,S"]
[Black "Alif,F"]
[Result "1-0"]
[WhiteElo "2034"]
[BlackElo "1728"]

1.d4 Nf6 2.Nf3 e6 3.c4 Bb4+ 4.Bd2 Bxd2+ 5.Qxd2 b6 6.g3 Bb7 7.Bg2 O-O 8.O-O Nc6
9.Nc3 Rb8 10.e4 d6 11.Rfe1 e5 12.d5 Ne7 13.b4 Nd7 14.Rac1 h6 15.Na4 Ba6 16.Qc2 b5
17.cxb5 Bxb5 18.Nb2 Rc8 19.a4 Ba6 20.Qd2 f5 21.Nh4 f4 22.Bh3 Rb8 23.Rc2 Bc8
24.Rec1 Nf6 25.Bxc8 Rxc8 26.f3 fxg3 27.hxg3 Qd7 28.Kh2 Nh5 29.Qe3 g5 30.Ng2 c6
31.dxc6 Rxc6 32.b5 Rxc2 33.Rxc2 Rc8 34.Rxc8+ Nxc8 35.Qc3 Nf6 36.Ne3 g4 37.Nf5 Kh7
38.Qd3 Ng8 39.fxg4 Qe6 40.Qc3 Qd7 41.Kg2 Qb7 42.Qd3 Nf6 43.Kf3 Qf7 44.Qc4 Qd7
45.Nd1 Qb7 46.Nde3 Nb6 47.Qc6 Qxc6 48.bxc6 Ne8 49.a5 Na4 50.Nd5 Nc5 51.c7 Nxc7
52.Nxc7 Kg6 53.Nxd6 Kf6 54.a6 Ke7 55.Nf5+ Kd7 56.Nb5 Nxa6 57.Nxa7 Nc7 58.Nxh6 Ke7
59.Nc6+ Kf6 60.Nf5 Ne6 61.Nd6 Ng5+ 62.Ke3 Ke6 63.Nc4 Nf7 64.N6xe5  1-0

[Event "XIII TCh-RUS"]
[Site "Sochi RUS"]
[Date "2006.04.26"]
[Round "7"]
[White "Tregubov,P"]
[Black "Turov,M"]
[Result "1/2-1/2"]
[WhiteElo "2563"]
[BlackElo "2539"]

1.d4 Nf6 2.c4 e6 3.Nf3 Bb4+ 4.Bd2 a5 5.e3 d6 6.Be2 Bxd2+ 7.Qxd2 O-O 8.Nc3 Nbd7
9.Rd1 Qe7 10.O-O e5 11.dxe5 dxe5 12.Nd5 Nxd5 13.cxd5 e4 14.Nd4 Nf6 15.Nb5 Rd8
16.Qc2 Nxd5 17.Bc4 c6 18.Bxd5 Bg4 19.Bxf7+ Qxf7 20.Rxd8+ Rxd8 21.Nd4 Qxa2
22.Qxe4 Bc8 23.b3 Qa3 24.Qe5 Qb4 25.h3 a4 26.bxa4 Qxa4 27.Qe7 Qa5 28.e4 h6
29.Nf5 Bxf5 30.exf5 Rf8 31.Qxb7 Qd5 32.g4 Qf3 33.Kh2 h5 34.Qb4 hxg4 35.Qc4+ Kh7
36.Qxg4 Rxf5 37.Qxf3 Rxf3 38.Kg2 Rf6 39.Rc1  1/2-1/2

[Event "XIII TCh-RUS 1st League"]
[Site "Sochi RUS"]
[Date "2006.04.26"]
[Round "7"]
[White "Shkurikhin,I"]
[Black "Maletin,P"]
[Result "1/2-1/2"]
[WhiteElo "2279"]
[BlackElo "2541"]

1.d4 Nf6 2.c4 e6 3.Nf3 Bb4+ 4.Bd2 Qe7 5.Nc3 O-O 6.g3 Nc6 7.Bg2 Bxc3 8.Bxc3 Ne4
9.Qc2 Nxc3 10.Qxc3 d6 11.d5 Nd8 12.dxe6 Nxe6 13.O-O a5 14.e4 f6 15.Rae1 Bd7
16.Re3 b6 17.b3 Qf7 18.Nh4 Rae8 19.f4 Bc6 20.Rfe1 Nc5 21.Nf5 Bb7 22.a3 Qg6
23.Nd4 Qf7 24.f5 Re5 25.b4 Nd7 26.Ne6 Rc8 27.g4 Nf8 28.Nf4 axb4 29.axb4 c5
30.Nd3 Re7 31.bxc5 bxc5 32.Nf2 Nd7 33.Rg3 Ne5 34.Bf1 Ba6 35.g5 fxg5 36.Rxg5 Qf6
37.Rg3 h5 38.Qc1 Rb8 39.Nh3 Ng4 40.Qc3 Qh4 41.Qd2 Qf6 42.Nf4 Rb2 43.Qd5+ Rf7
44.Re2 Bb7 45.Nxh5 Qh4 46.Qd1 Rxe2 47.Qxe2 Ne5 48.f6 g6 49.Bh3 Kf8 50.Be6 Qxh5
51.Qxh5 gxh5 52.Bxf7 Nxf7 53.Rb3 Bc6 54.Rb8+ Be8 55.Rb6 Ng5 56.Rxd6 Nxe4
57.Rd5 Bg6 58.Kg2 Kf7 59.Kf3 Kxf6 60.Kf4 h4 61.Rd8 Ng5 62.Kg4 Ne6 63.Rd1 Nd4
64.Kxh4 Bf7 65.Rc1 Nf5+ 66.Kg4 Ne3+ 67.Kf4 Nxc4 68.h4 Ne5 69.Ke4 Nd7 70.Ra1 Ke7
71.Ra6 Bh5 72.Ke3 Ne5 73.Ke4 Nd7 74.Ke3 Bd1 75.Kd2 Bg4 76.Ke3 Be6  1/2-1/2

[Event "VII TCh-RUS w"]
[Site "Sochi RUS"]
[Date "2006.04.28"]
[Round "9"]
[White "Dolgova,O"]
[Black "Zaiatz,E"]
[Result "0-1"]
[WhiteElo "2219"]
[BlackElo "2417"]

1.d4 Nf6 2.c4 e6 3.Nf3 Bb4+ 4.Bd2 a5 5.g3 d5 6.Qb3 Nc6 7.Bg2 dxc4 8.Qxc4 Qd5
9.Qd3 O-O 10.Nc3 Qh5 11.O-O Rd8 12.Bg5 Be7 13.Qb5 Na7 14.Qc4 c6 15.a4 h6
16.Bxf6 Bxf6 17.Ne4 Be7 18.Ne5 f6 19.Bf3 Qe8 20.Nd3 Qf7 21.Nf4 g6 22.Rfd1 f5
23.Nc3 Bf6 24.Qc5 Kg7 25.Qb6 Qe7 26.e3 Qb4 27.Qxb4 axb4 28.Na2 b3 29.Nb4 Bd7
30.Nbd3 b6 31.Rdc1 Rab8 32.Ra3 Kf7 33.Rxb3 g5 34.Ne2 Ke7 35.Nb4 Kd6 36.Na6 Rb7
37.Rd1 Nc8 38.Nc3 Ra7 39.Be2 Ke7 40.Bf1 Be8 41.Rc1 e5 42.dxe5 Bxe5 43.Nb4 Bd6
44.Bg2 Bxb4 45.Rxb4 c5 46.Rb3 Bf7 47.Ra3 Rd2 48.b3 Nd6 49.Bf1 g4 50.Nb5 Nxb5
51.Bxb5 Rb2 52.Bc4 Bxc4 53.Rxc4 Rb1+ 54.Kg2 Rd7 55.Rc2 Rdd1 56.f4 Rg1+ 57.Kf2 Rh1
58.Kg2 Rbg1+ 59.Kf2 Rxh2+ 60.Kxg1 Rxc2 61.a5 bxa5 62.Rxa5 Kd6 63.Rb5 Rb2
64.Kh1 Kd5 65.Kg1 h5 66.Kh1 Ke4 67.Rxc5 Kf3 68.Rc3 Kxg3 69.e4+ Kxf4 70.exf5 Kxf5
71.Kg1 Kg5 72.Rd3 Kh4 73.Kf1 g3 74.Rd5 Kg4 75.Rb5 h4 76.Rc5 Kh3 77.Rc3 Kh2  0-1

[Event "Open B"]
[Site "Djakovo CRO"]
[Date "2006.05.06"]
[Round "9"]
[White "Kroo,I"]
[Black "Sulc,G"]
[Result "0-1"]
[WhiteElo "1866"]
[BlackElo "2066"]

1.d4 Nf6 2.Nf3 e6 3.c4 Bb4+ 4.Bd2 Qe7 5.Qc2 Bxd2+ 6.Nbxd2 c5 7.e3 Nc6 8.a3 b6
9.Rd1 O-O 10.g3 Bb7 11.dxc5 bxc5 12.Bg2 d6 13.O-O a5 14.Rfe1 Ra6 15.Nf1 Ng4
16.e4 Nge5 17.Nxe5 dxe5 18.Ne3 Nd4 19.Qc3 a4 20.Nc2 Bc6 21.Nxd4 exd4 22.Qd3 Qb7
23.Rd2 Rb6 24.Rb1 Rb3 25.Qe2 Rb8 26.Rd3 Rxb2 27.Rxb2 Qxb2 28.Qe1 h6 29.e5 Bxg2
30.Kxg2 Qc2 31.Qe4 Qxc4 32.Rf3 Qd5 33.Qf4 Rb7 34.g4 d3 35.Qd2 c4 36.h4 Qxe5
37.Re3 Qd4 38.f3 Rb2  0-1

[Event "4th TCh-SCG"]
[Site "Vrnjacka Banja SCG"]
[Date "2006.05.06"]
[Round "6"]
[White "Arsovic,G"]
[Black "Popov,Si1"]
[Result "1-0"]
[WhiteElo "2459"]
[BlackElo "2481"]

1.d4 Nf6 2.Nf3 e6 3.c4 Bb4+ 4.Bd2 a5 5.g3 b6 6.Bg2 Bb7 7.O-O O-O 8.Bg5 Be7
9.Bxf6 Bxf6 10.Nc3 d6 11.e4 Nd7 12.Qc2 g6 13.Rad1 Bg7 14.Rfe1 Qe7 15.h4 Rad8
16.d5 Bxc3 17.Qxc3 e5 18.Qc2 Nf6 19.Bh3 Bc8 20.Bxc8 Rxc8 21.Kg2 Qd7 22.Qe2 Nh5
23.Nh2 f5 24.exf5 Rxf5 25.Ng4 Kg7 26.Kh2 Rcf8 27.Rd3 R5f7 28.Rf1 Qc8 29.Re3 Qd8
30.Kg1 Qd7 31.Kh2 Qc8 32.Kg1 h6 33.b3 Kh7 34.Kh2 Ng7 35.Kg2 Nf5 36.Re4 h5
37.Nh2 Nd4 38.Qd3 c5 39.dxc6 Qxc6 40.Kg1 Qb7 41.Re3 a4 42.bxa4 Qc6 43.Re4 Rf6
44.f4 Ne6 45.Qd5 Qc5+ 46.Kg2 Qa3 47.Nf3 Nc5 48.Re2 Kh8 49.fxe5 dxe5 50.Nxe5 Rxf1
51.Nxg6+ Kg7 52.Nxf8 Qc1 53.Re7+  1-0

[Event "May Roses Cup"]
[Site "Bucharest ROM"]
[Date "2006.05.13"]
[Round "9"]
[White "Jianu,V"]
[Black "Pedersen,Nic"]
[Result "1/2-1/2"]
[WhiteElo "2496"]
[BlackElo "2517"]

1.d4 Nf6 2.c4 e6 3.Nf3 Bb4+ 4.Bd2 c5 5.Bxb4 cxb4 6.Nbd2 d6 7.e3 O-O 8.Bd3 Nc6
9.O-O e5 10.dxe5 dxe5 11.Ne4 Bf5 12.Qb1 Bxe4 13.Bxe4 Nxe4  1/2-1/2

[Event "FSGM May"]
[Site "Budapest HUN"]
[Date "2006.05.13"]
[Round "8"]
[White "Ilincic,Z"]
[Black "Berczes,D"]
[Result "0-1"]
[WhiteElo "2536"]
[BlackElo "2450"]

1.d4 Nf6 2.c4 e6 3.Nf3 Bb4+ 4.Bd2 Qe7 5.g3 Nc6 6.Bg2 Bxd2+ 7.Nbxd2 d6 8.O-O a5
9.e4 e5 10.d5 Nb8 11.Ne1 O-O 12.f4 Na6 13.f5 c6 14.g4 h6 15.a4 Bd7 16.Ra3 Nc5
17.h4 g6 18.Bf3 gxf5 19.exf5 Kh8 20.Rf2 e4 21.Re3 Qe5 22.g5 Rg8 23.Bg2 hxg5
24.hxg5 Rxg5 25.Ndf3 Qf4 26.Nxg5 Qxe3 27.Nxf7+ Kg7 28.Nxd6 Qg3 29.dxc6 Bxc6
30.Nb5 Rh8 31.Qd4 e3 32.Re2 Qh2+ 33.Kf1 Qh1+  0-1

[Event "ch-UKR sf"]
[Site "Alushta UKR"]
[Date "2006.05.16"]
[Round "4"]
[White "Molchanov,A"]
[Black "Molchanov,N"]
[Result "1/2-1/2"]
[WhiteElo "2128"]
[BlackElo "2307"]

1.d4 Nf6 2.c4 e6 3.Nf3 Bb4+ 4.Bd2 Qe7 5.Qc2 Bxd2+ 6.Nbxd2 d6 7.e4 e5 8.d5 O-O
9.Be2 a5 10.O-O Na6 11.a3 Bd7 12.b3 c6 13.dxc6 bxc6 14.Rfd1 Rfb8 15.Rab1 g6
16.Bf1 c5 17.Qc3 Bc6 18.Re1 Nh5 19.g3 Ng7 20.Bg2 Ne6 21.Nf1 Nd4 22.Nxd4 cxd4
23.Qd2 Qb7 24.Qh6 f6 25.Nd2 Qg7 26.Qh4 Bd7 27.Rf1 Nc5 28.f4 Rf8 29.f5 g5
30.Qg4 Rfb8 31.h4 h6 32.hxg5 Qxg5 33.Bf3 Kf7 34.Qxg5 hxg5 35.Kg2 Rh8 36.Rh1 Ke7
37.Kf2 Bc6 38.b4 axb4 39.axb4 Rxh1 40.Rxh1 Ra2 41.bxc5 Rxd2+ 42.Ke1 Rd3 43.Rh7+ Kf8
44.Be2 Re3 45.Kd2 dxc5 46.Rh8+ Ke7 47.Rh7+ Kd8 48.Rh8+ Ke7 49.Rh7+  1/2-1/2

[Event "Muresul Cup"]
[Site "Arad ROM"]
[Date "2006.05.25"]
[Round "8"]
[White "Ilincic,Z"]
[Black "Berescu,A"]
[Result "1/2-1/2"]
[WhiteElo "2536"]
[BlackElo "2461"]

1.d4 Nf6 2.c4 e6 3.Nf3 Bb4+ 4.Bd2 Qe7 5.g3 Nc6 6.Bg2 Bxd2+ 7.Nbxd2 d6 8.O-O a5
9.e4 e5 10.d5 Nb8 11.Ne1 h5 12.Nef3  1/2-1/2

[Event "28th Nezhmetdinov mem"]
[Site "Kazan RUS"]
[Date "2006.06.02"]
[Round "2"]
[White "Jusupov,T"]
[Black "Ibraev,V"]
[Result "1/2-1/2"]
[WhiteElo "2084"]
[BlackElo "2329"]

1.d4 Nf6 2.c4 e6 3.Nf3 Bb4+ 4.Bd2 c5 5.Bxb4 cxb4 6.Nbd2 d6 7.e4 Nbd7 8.Qb3 a5
9.a3 bxa3 10.Qxa3 Qc7 11.b4 b6 12.bxa5 bxa5 13.Bd3 O-O 14.O-O e5 15.Rfb1 exd4
16.Nxd4 Nc5 17.Nb5 Qe7 18.f3 Be6 19.Bf1 Rfc8 20.Qc3 a4 21.Qd4 Ra6 22.Nc3 Nfd7
23.Rb4 h6 24.f4 f6 25.Nd5 Qd8 26.Qb2 Rb8 27.Rb1 Rxb4 28.Qxb4 Ra7 29.Nc3 Ra6
30.Be2 Rb6 31.Nb5 Ra6 32.Qc3 Bf7 33.Bd1 Qe7 34.Bc2 Qd8 35.Qd4 Ne6 36.Qf2 Nec5
37.Qd4 Ne6 38.Qf2  1/2-1/2

[Event "Lasker Mem A"]
[Site "Barlinek POL"]
[Date "2006.06.03"]
[Round "1"]
[White "Wielosz,J"]
[Black "Liwak,P"]
[Result "0-1"]
[WhiteElo "2023"]
[BlackElo "2340"]

1.d4 Nf6 2.c4 e6 3.Nf3 Bb4+ 4.Bd2 Qe7 5.g3 Nc6 6.Bg2 Bxd2+ 7.Nbxd2 d6 8.O-O a5
9.e4 e5 10.d5 Nb8 11.Ne1 h5 12.f4 h4 13.f5 hxg3 14.hxg3 Nh5 15.Qg4 g6 16.Rc1 gxf5
17.exf5 Nd7 18.Ne4 Nhf6 19.Nxf6+ Nxf6 20.Qg5 Rg8 21.Qh4 b6 22.Nd3 Bb7 23.c5 bxc5
24.Qa4+ Qd7 25.Qh4 Qe7 26.Qa4+ Kf8 27.Qh4 Bxd5 28.Bxd5 Nxd5 29.f6 Qe6 30.Rf3 Qg4
31.Qh6+ Ke8 32.Qh7 Rg6 33.Ne1 e4 34.Rc4 Nb6 35.Rb3 Nxc4  0-1

[Event "Lasker Mem A"]
[Site "Barlinek POL"]
[Date "2006.06.05"]
[Round "3"]
[White "Krajewicz,P"]
[Black "Bylino,O"]
[Result "1/2-1/2"]
[WhiteElo "1999"]
[BlackElo "2316"]

1.d4 Nf6 2.c4 e6 3.Nf3 Bb4+ 4.Bd2 a5 5.Nc3 d5 6.e3 O-O 7.Bd3 dxc4 8.Bxc4 b6
9.O-O Bb7 10.a3 Bxc3 11.Bxc3 Ne4 12.Rc1 Nd7 13.Be2 Qe7 14.Be1 c5 15.dxc5 Ndxc5
16.b4 axb4 17.axb4 Rfd8 18.Nd4 e5 19.bxc5 Nxc5 20.Bf3 exd4 21.exd4 Bxf3 22.Qxf3 Ne6
23.Bc3 Ra3 24.Rfe1 Qg5 25.Qc6  1/2-1/2

[Event "Lasker Mem A"]
[Site "Barlinek POL"]
[Date "2006.06.06"]
[Round "4"]
[White "Kalinitschew,S"]
[Black "Warszawski,B"]
[Result "1-0"]
[WhiteElo "2516"]
[BlackElo "2299"]

1.d4 Nf6 2.Nf3 e6 3.c4 Bb4+ 4.Bd2 Qe7 5.g3 Nc6 6.Nc3 Bxc3 7.Bxc3 Ne4 8.Rc1 O-O
9.Bg2 d6 10.d5 Nxc3 11.Rxc3 Nb8 12.dxe6 fxe6 13.O-O Nd7 14.Nd4 c6 15.b4 Nf6
16.e4 e5 17.Nb3 Be6 18.Qe2 b6 19.h3 a5 20.bxa5 bxa5 21.c5 d5 22.exd5 Bxd5
23.Re1 e4 24.Nd4 Qe5 25.Qe3 Bxa2 26.Nxc6 Qc7 27.Qd2 Bd5 28.Nd4 a4 29.c6 Qb6
30.Nf5 a3 31.Ne7+ Kh8 32.c7 Bb7 33.Rec1 Qe6 34.Rxa3 Qxe7 35.Rxa8 Rxa8 36.Qb2 Rc8
37.Qxb7 Qd7 38.Bxe4 Nxe4 39.Qxe4 h6 40.Qb7 Kh7 41.h4 Kh8 42.h5 Kh7 43.Kg2 Kh8
44.Rc5 Kh7 45.Qe4+ Kh8 46.Qf4 Kh7 47.g4 Kh8 48.Kg3 Kg8 49.Qc4+ Kh8 50.Kh3 Qd1
51.Kg2 Qd7 52.Rf5 Qe7 53.Rf7 Qe5 54.Rd7 Qf6 55.Qf7 Qg5 56.Qf5  1-0

[Event "28th Nezhmetdinov mem"]
[Site "Kazan RUS"]
[Date "2006.06.07"]
[Round "7"]
[White "Bocharov,D"]
[Black "Gerasimov,I"]
[Result "1-0"]
[WhiteElo "2559"]
[BlackElo "2227"]

1.d4 Nf6 2.c4 e6 3.Nf3 Bb4+ 4.Bd2 c5 5.Bxb4 cxb4 6.g3 O-O 7.Bg2 d6 8.O-O Re8
9.a3 Nc6 10.axb4 Nxb4 11.Nc3 Qb6 12.Qb3 a5 13.Rfc1 Bd7 14.e3 Bc6 15.Na4 Qa6
16.c5 Rad8 17.Qa3 dxc5 18.Nxc5 Qa8 19.Nd3 Nxd3 20.Qxd3 b6 21.Qe2 Be4 22.Ne1 e5
23.dxe5 Rxe5 24.Rd1 Red5 25.Bxe4 Nxe4 26.Nf3 h6 27.Rxd5 Qxd5 28.Rc1 Qd3 29.Qxd3 Rxd3
30.Rc2 Nc5 31.Kf1 Kf8 32.Nd2 Ke7 33.Ke2 Rd5 34.f4 f5 35.Nf3 Kf6 36.Nd4 g5
37.Rc4 gxf4 38.gxf4 Rd6 39.Nb5 Rd7 40.Nc3 Ke6 41.b4 Nb3 42.bxa5 bxa5 43.Nb1 Kd5
44.Rc8 Rg7 45.Nc3+ Kd6 46.Nb5+ Ke6 47.Rc6+ Ke7 48.Rxh6 a4 49.Kd3 Rg2 50.Rh7+ Kf6
51.Kc4 Re2 52.Rh6+ Kg7 53.Rh3 Nd2+ 54.Kd3 Rg2 55.Nd4 Kg6 56.Rh8 Kg7 57.Ra8 Nb3
58.Nxf5+ Kf6 59.Nd4 Nc1+ 60.Ke4 Na2 61.Ra6+ Kf7 62.Ke5 Nc3 63.Ra7+  1-0

[Event "TCh-NOR Open"]
[Site "Oslo NOR"]
[Date "2006.06.07"]
[Round "1"]
[White "Wetle Hoem,T"]
[Black "Pedersen,JoR"]
[Result "0-1"]
[WhiteElo "2002"]
[BlackElo "2161"]

1.d4 Nf6 2.c4 e6 3.Nf3 Bb4+ 4.Bd2 Be7 5.Nc3 d5 6.g3 dxc4 7.Qa4+ Bd7 8.Qxc4 Bc6
9.Bg2 a6 10.Qd3 Nbd7 11.O-O O-O 12.Rfd1 b5 13.a3 Bb7 14.Bg5 h6 15.Bxf6 Nxf6
16.b4 Nd5 17.Nxd5 Bxd5 18.Nd2 Bxg2 19.Kxg2 a5 20.Qc3 axb4 21.axb4 Qd6 22.Qc5 Qd7
23.Qc3 Ra4 24.Rxa4 bxa4 25.f3 Qb5 26.Kf2 Qxb4 27.Qxc7 Qxd4+ 28.e3 Qb4 29.Nc4 Bc5
30.Rc1 a3  0-1

[Event "TCh-NOR"]
[Site "Oslo NOR"]
[Date "2006.06.08"]
[Round "2"]
[White "Jansson,J"]
[Black "Lundeby,O"]
[Result "1-0"]
[WhiteElo "2300"]
[BlackElo "2195"]

1.Nf3 Nf6 2.c4 e6 3.d4 Bb4+ 4.Bd2 Bxd2+ 5.Nbxd2 d5 6.e3 O-O 7.b4 Qe7 8.c5 Nbd7
9.Be2 e5 10.O-O Re8 11.Nxe5 Nxe5 12.dxe5 Qxe5 13.Nf3 Qe7 14.Nd4 a5 15.a3 c6
16.Qc2 Ne4 17.Bd3 Qg5 18.Rfe1 Bd7 19.Nb3 axb4 20.axb4 Qe5 21.Rxa8 Rxa8 22.Bxe4 dxe4
23.Na5 Be6 24.Qd2 Bd5 25.Rd1 Rb8 26.h3 h6 27.b5 Kf8 28.Qd4 Qxd4 29.Rxd4 Ke7
30.b6 f5 31.Kh2 Ke6 32.g4 g6 33.Kg3 Ke5 34.Rd1 g5 35.gxf5 Kxf5 36.Rd4 h5
37.h4 g4 38.Nc4 Bxc4 39.Rxc4 Rd8 40.Rd4 Rxd4 41.exd4 e3 42.fxe3 Ke4 43.Kg2 Kd5
44.Kf2 Ke4 45.Ke2 Kd5 46.Kd3 Ke6 47.e4 Kd7 48.Ke3 Ke6 49.d5+ Kd7 50.e5 cxd5
51.e6+ Ke7 52.c6 d4+ 53.Kxd4  1-0

[Event "Lasker Mem A"]
[Site "Barlinek POL"]
[Date "2006.06.09"]
[Round "7"]
[White "Jaworski,Mac"]
[Black "Liwak,P"]
[Result "0-1"]
[WhiteElo "2203"]
[BlackElo "2340"]

1.d4 Nf6 2.c4 e6 3.Nf3 Bb4+ 4.Bd2 Qe7 5.g3 Nc6 6.Bg2 Bxd2+ 7.Nbxd2 d6 8.O-O a5
9.e4 e5 10.d5 Nb8 11.Ne1 h5 12.Nef3 Bd7 13.Nh4 Na6 14.Qe2 Nc5 15.Rae1 g5
16.Nf5 Bxf5 17.exf5 Kf8 18.Nf3 g4 19.Nh4 e4 20.Qc2 Qe5 21.b3 Re8 22.Re2 b5
23.Qd2 b4 24.f4 Qc3 25.Qxc3 bxc3 26.Rc1 Ke7 27.Rxc3 Rb8 28.Bf1 Rb4 29.Ree3 a4
30.bxa4 Rxa4 31.Ra3 Rb4 32.Ng2 Rhb8 33.Re1 Rb2 34.Rd1 Ng8 35.Ne3 Kf6 36.Ra7 R2b7
37.Rxb7 Rxb7 38.h3 Nh6 39.hxg4 Nxg4 40.Nxg4+ hxg4 41.Rd2 Ra7 42.Be2 Kxf5
43.Rb2 Ra3 44.Kg2 Na4 45.Rc2 Nc3 46.Bf1 Nd1 47.Re2 Ne3+ 48.Kf2 Nxf1 49.Kxf1 Rxg3
50.Ke1 Ra3  0-1

[Event "III Muhamedzjanov Mem"]
[Site "Nabereshnye Chelny RUS"]
[Date "2006.06.11"]
[Round "1"]
[White "Zhidkov,V"]
[Black "Balashov,Y"]
[Result "1/2-1/2"]
[WhiteElo "2416"]
[BlackElo "2462"]

1.d4 Nf6 2.Nf3 e6 3.c4 Bb4+ 4.Bd2 Bxd2+ 5.Qxd2 O-O 6.Nc3 d5 7.e3 Qe7 8.Be2 dxc4
9.Bxc4 c5 10.O-O cxd4 11.Qxd4 Nc6 12.Qh4 Bd7 13.Rad1 Rfd8 14.e4 Qc5 15.Bb3 Ne5
16.Nxe5 Qxe5 17.Qg3 Qxg3 18.hxg3 Bc6  1/2-1/2